000 00508nam a22002177a 4500
003 UA-OsUOA
001 36541
007 ta
008 20060131b un ||||| |||| 00| 0 ukr d
100 _aБерезняк Н.
090 _a32
_bБ11
942 _cSA
040 _aUA-OsUOA
_bukr
_cUA-OsUOA
_dUA-OsUOA
245 _a"Нам потрібна нова Конституція!"
300 _aС.6
955 _a0
041 _aukr
080 _a32
773 0 _w36540
650 7 _a32 Політика
_2UDC
999 _c322761
_d322761